Kỹ thuật số cơ khí /

"Kỹ thuật số cơ khí" được biên sọan để làm tài liệu giảng dạy chính cho môn Kỹ thuật số cơ khí, trong cuốn sách tác giả đưa ra nhiều ví dụ và bài tập, đồng thời cũng giới thiệu ở phần phụ lục về sơ đồ chân của các vi mạch s...

Popoln opis

Shranjeno v:
Bibliografske podrobnosti
Glavni avtor: Lê Chí Thông
Format: Knjiga
Jezik:Vietnamese
Izdano: Tp.HCM : Đại học Quốc gia TP. HCM , 2003
Izdaja:In lần thứ 1
Teme:
Oznake: Označite
Brez oznak, prvi označite!
Thư viện lưu trữ: Thư viện Trường CĐ Kỹ Thuật Cao Thắng
LEADER 01657nam a2200301 a 4500
001 TVCDKTCT4965
003 Thư viện trường Cao đẳng Kỹ thuật Cao Thắng
005 20060424000000
008 060424
980 \ \ |a Thư viện Trường CĐ Kỹ Thuật Cao Thắng 
024 |a RG_1 #1 eb0 i1 
041 0 # |a vie 
082 # # |a 621.802 8 /   |b L250T-k 
100 1 # |a Lê Chí Thông 
245 0 0 |a Kỹ thuật số cơ khí /  |c Lê Chí Thông 
250 # # |a In lần thứ 1 
260 # # |a Tp.HCM :  |b Đại học Quốc gia TP. HCM ,  |c 2003 
300 # # |a 120tr. ;  |c 24 
520 # # |a "Kỹ thuật số cơ khí" được biên sọan để làm tài liệu giảng dạy chính cho môn Kỹ thuật số cơ khí, trong cuốn sách tác giả đưa ra nhiều ví dụ và bài tập, đồng thời cũng giới thiệu ở phần phụ lục về sơ đồ chân của các vi mạch số thông dụng giúp sinh viên trong việc nghe giảng trên lớp và tự học. Nội dung quyển sách gồm 5 chương: 
520 # # |a  Chương 0: Khái niệm về kỹ thuật số 
520 # # |a  Chương 1: Các hệ thống số đếm 
520 # # |a  Chương 2: Đại số Boole và các cổng logic 
520 # # |a  Chương 3: Hệ tổ hợp 
520 # # |a  Chương 4: Hệ tuần tự 
520 # # |a Chương 5: Giao tiếp giữa các hệ vi mạch số 
650 # 4 |a Cơ khí 
650 # 4 |a Kỹ thuật số 
650 # 4 |a Hê tổ hợp--Hệ tuần tự